Normal view
MARC view
Entry Personal Name
001 - CONTROL NUMBER
- control field: 1053822
003 - CONTROL NUMBER IDENTIFIER
- control field: OSt
005 - DATE AND TIME OF LATEST TRANSACTION
- control field: 20260121165615.0
008 - FIXED-LENGTH DATA ELEMENTS
- fixed length control field: 260121|| aca||aabn | a|a d
040 ## - CATALOGING SOURCE
- Original cataloging agency: OSt
- Transcribing agency: OSt
100 ## - HEADING--PERSONAL NAME
- Personal name: Miguel Esteban, Tomohiro Akiyama, Chiahsin Chen, Izumi Ikeda, Takashi Mino
670 ## - SOURCE DATA FOUND
- Source citation: Work cat.: (OSt)1619548: Miguel Esteban, Tomohiro Akiyama, Chiahsin Chen, Izumi Ikeda, Takashi Mino, Sustainability Science: Field Methods and Exercises
